000 00415nam a2200157Ia 4500
008 230917s9999||||xx |||||||||||||| ||und||
040 _e183325
_aMAIN
041 _aEnglish
082 _a657.48 K571F(5)
100 _aKimmel, Paul D
245 0 _aFinancial accounting: Tools for business decision making
250 _a5th ed.
260 _aNew Delhi
_bWiley India
_c2010
300 _axxx, 717 p.
942 _cBK
999 _c164428
_d164428